1292 1305 1192 1716 1082 1670 1201 1416 1628 1109 1709 1057 1196 1296 1819 1518 1465 1861 1855 1755 1552 1515 1141 1012 1275 1262 1524 1764 1228 1452 1721 1157 1795 1844 1594 1587 1023 1899 1031 1935 1033 1291 1517 1277 1114 1792 1700 1021 1966 1143 1465 1705 1832 1653 1515 1169 1785 1105 1516 1047 1111 1465 1788 1305 1353 1313 1179 1305 1621 1873 1546 1684 1504 1633 1171 1649 1519 1093 1602 1059 1848 1773 1390 1037 1036 1147 1953 1914 1621 1476 1227 1074 1239 1052 1566 1797 1484 1440 1647 BCNSPRNW ULIB Ver.6.0+V

เปลี่ยนเป็นภาษาไทย

Change to English
 แสดงรายละเอียดบรรณานุกรม
  กลับหน้าหลัก

Brief Record : Get Marc (ISO 2709) : E-mail record : QR code < ปิดหน้าต่าง
LEADER : 00000nam 2200000uu 4500
001    13399125921
003     ULIB
008    171024s2560||||th 000 0 tha d
020    ^a9786169258711
060 04 ^aWS280^bP371
245 00 ^aPediatric critical care :^beveryday practice /^cบรรณาธิการ ดุสิต สถาวร...[และคนอื่น ๆ]
250    ^aพิมพ์ครั้งที่ 1
260    ^aกรุงเทพฯ :^bสมาคมโรคระบบหายใจและเวชบำบัดวิกฤตในเด็ก,^c2560
300    ^a261 หน้า :^bภาพประกอบ ;^c27 ซม.
504    ^aเอกสารอ้างอิงท้ายบท
504    ^aดัชนีท้ายเล่ม
650  2 ^aRespiratory Tract Diseases^xin infancy & childhood
650  4 ^aโรคระบบหายใจ
650  4 ^aทางเดินหายใจ, โรค
700 0  ^aดุสิต สถาวร,^eบรรณาธิการ
700    ^aเฉลิมไทย เอกศิลป์^eบรรณาธิการ
700    ^aรุจิภัตต์ สำราญสำรวจกิจ^eบรรณาธิการ
700    ^aกวีวรรณ ลิ้่มประยูร^eบรรณาธิการ
700    ^aณัฐชัย อนันตสิทธิ์^eบรรณาธิการ
710 2  ^aสมาคมโรคระบบหายใจและเวชบำบัดวิกฤตในเด็ก
945    ^p440^l0^i25661
945    ^p440^l0^i25662
945    ^p440^l0^i25836
945    ^p440^l0^i25837
999    ^aกัณชพร จุลอักษร
รายการนี้ยังไม่มีแท็ก
คุณยังไม่ได้ล็อกอิน คุณสามารถมีกิจกรรมร่วมกับเว็บไซต์ได้ แต่ต้องล็อกอินก่อน ::
  ล็อกอิน

รายการสื่อสารสนเทศ

ลำดับที่ ประเภท เลขเรียก/บาร์โค้ด สถานที่ สถานะ
1. หนังสือสำรอง
หนังสือสำรอง
WS280 P371 ฉ.1 
  Barcode: 25661
ห้องสมุดวิทยาเขตนครสวรรค์
►หนังสือทั่วไป:l:General Books
บนชั้น
2. วิทยาศาสตร์การแพทย์ และสุขภาพ
วิทยาศาสตร์การแพทย์ และสุขภาพ
WS280 P371 ฉ.2 
  Barcode: 25662
ห้องสมุดวิทยาเขตนครสวรรค์
►หนังสือทั่วไป:l:General Books
บนชั้น
3. วิทยาศาสตร์การแพทย์ และสุขภาพ
วิทยาศาสตร์การแพทย์ และสุขภาพ
WS280 P371 ฉ.3 
  Barcode: 25836
ห้องสมุดวิทยาเขตสวรรค์ประชารักษ์
►หนังสือทั่วไป
บนชั้น
4. วิทยาศาสตร์การแพทย์ และสุขภาพ
วิทยาศาสตร์การแพทย์ และสุขภาพ
WS280 P371 ฉ.4 
  Barcode: 25837
ห้องสมุดวิทยาเขตสวรรค์ประชารักษ์
►หนังสือทั่วไป
บนชั้น

รายการใกล้เคียง
    หัวเรื่อง [โรคระบบหายใจ]
    หัวเรื่อง [ทางเดินหายใจ, โรค]

BibComment


ยังไม่เคยถูกคอมเมนท์

คอมเมนท์ทรัพยากรรายการนี้
  คอมเมนท์: Pediatric critic..


 Copyright 2026. Bcnsprnw @Library